Rozbory efektivnosti hospodářské činnosti průmyslových podniků v příkladech Programová učebnice

Na minha lista:
Detalhes bibliográficos
Autor principal: Kružík, Alois
Formato: Livro
Idioma:tcheco
Publicado em: Praha VŠE 1990
Edição:1. vyd.
Tags: Adicionar Tag
Sem tags, seja o primeiro a adicionar uma tag!

MARC

LEADER 00000nam a2200000 4500
001 c029971
005 20221215120601.7
041 0 |a cze 
044 |a CZ 
245 1 0 |a Rozbory efektivnosti hospodářské činnosti průmyslových podniků v příkladech  |b Programová učebnice  |c Alois Kružík 
250 |a 1. vyd. 
264 1 |a Praha  |b VŠE  |c 1990 
300 |a 144 s. 
100 1 |a Kružík, Alois